000 00730cam a22002653a 4500
001 24017
003 PGUSA
005 20140828083519.0
008 071224s2007||||xxu|||||s|||||000 | eng d
040 _aPGUSA
_beng
042 _adc
050 4 _aBF
245 1 0 _aDas Motiv der Kästchenwahl
_h[electronic resource]
260 _bProject Gutenberg,
_c2007
506 _aPublic domain in the USA.
516 _aElectronic text
653 _aPsychoanalysis
653 _aMotivation (Psychology)
700 1 _aFreud, Sigmund,
_d1856-1939
700 1 _aSachs, Hanns,
_d1881-1947
700 1 _aRank, Otto,
_d1884-1939
830 0 _aProject Gutenberg
_v24017
856 4 0 _uhttp://www.gutenberg.org/ebooks/24017
942 _cEB
999 _c253272
_d253272